000
00309nam a2200133Ia 4500
005
20260326100037.0
008
260326s9999||||xx |||||||||||||| ||und||
100
_a
Smith, Jannuzzi
245
0
_a
& Fork /
_c
Jannuzzi Smith
260
_b
Phaidon
300
_a
444 p.
650
_a
DISEÑO INDUSTRIAL
942
_c
BK
999
_c
6866
_d
6866